GR2 Constitución artículos - Estadísticas

Estadísticas generales
  • Esta prueba ha sido intentada 10 veces
  • La puntuación promedio es 10 de 169
Estadísticas de respuestas
Hint Respuesta % Correcto
17 Libertad
44%
22 Asociación
33%
4 Bandera
33%
5 Capital
33%
27 Educación
33%
45 MA
33%
12 Mayoría de Edad
33%
6 Partidos Políticos
33%
21 Reunión
33%
56 Rey
33%
35 Trabajo
33%
19 Circulación
22%
148 Competencias
22%
30 Defensa
22%
116 Estados
22%
20 Expresión
22%
14 Igualdad
22%
33 Propiedad
22%
43 Salud
22%
7 | 28 Sindicatos
22%
2 Unidad
22%
1 Valores
22%
47 Vivienda
22%
105 Ciudadanos
11%
36 Colegios Profesionales
11%
68 Congreso
11%
66 Cortes
11%
44 Cultura
11%
54 Defensor del Pueblo
11%
49 Discapacidad
11%
38 Empresa
11%
13 Extranjeros
11%
39 Familia
11%
8 FFAA
11%
34 Fundación
11%
53 Garantías
11%
97 Gobierno
11%
48 Juventud
11%
32 Matrimonio
11%
52 Organizaciones profesionales
11%
46 Patrimonio
11%
29 Petición
11%
141 Provincia
11%
167 Reforma ordinaria
11%
72 Reglamentos
11%
40 Renta
11%
41 | 129 SS
11%
57 Sucesión
11%
55 Suspensión
11%
50 Tercera edad
11%
26 Tribunales de Honor
11%
31 Tributos
11%
24 Tutela Judicial
11%
15 Vida
11%
131 Actividad económica
0%
79 Acuerdos
0%
103 Administración
0%
102 Aforados
0%
156 Autonomía financiera
0%
94 Autorización
0%
65 Casa
0%
101 Cese
0%
75 Comisiones
0%
98 Composición
0%
107 Consejo de Estado
0%
58 Consorte
0%
51 Consumidores
0%
153 Control
0%
144 Cortes autorizar
0%
112 Cuestión confianza
0%
163 Cuestión Constitucionalidad
0%
155 Cumplimiento forzoso
0%
121 Daños por error judicial
0%
85 Decretos Legislativos
0%
82 Delegación
0%
154 Delegados
0%
10 Dignidad
0%
114 Dimisión
0%
78 Diputación Permanente
0%
115 Disolución
0%
132 Dominio Público
0%
135 Estabilidad presupuestaria
0%
147 Estatuto
0%
149 Exclusivas
0%
63 Exterior
0%
104 FCSE
0%
158 Fondo de Compensación
0%
62 Funciones
0%
119 Gratuita
0%
142 Haciendas locales
0%
139 Igualdad españoles
0%
127 Incompatibilidad
0%
70 Incompatibilidades
0%
109 Información
0%
87 Iniciativa Legislativa
0%
166 Iniciativa Reforma
0%
152 Instituciones
0%
111 Interpelaciones
0%
99 Investidura
0%
76 Investigación
0%
125 Jurado
0%
61 Juramento
0%
117 Justicia
0%
122 Juzgados y Tribunales
0%
162 Legitimación
0%
3 Lenguas españolas
0%
83 Leyes de Base
0%
81 LO
0%
67 | 100 Miembros
0%
124 Ministerio Fiscal
0%
113 Moción censura
0%
130 Modernización económica
0%
18 Moral
0%
140 Municipios
0%
11 Nacionales
0%
37 Negociación Colectiva
0%
118 Obligatorio
0%
84 Oposición Gobierno
0%
137 OTE
0%
25 Penales
0%
73 Periodos de sesiones
0%
77 Peticiones
0%
134 PGE
0%
126 Policía Judicial
0%
133 Potestad originaria para establecer tributos
0%
110 Presencia
0%
160 Presidente
0%
9 Principios
0%
71 Privilegios
0%
120 Procedimiento público y oral
0%
145 Prohibida federación
0%
89 Proposición de Ley
0%
146 Proyecto de Estatuto
0%
88 Proyecto de Ley
0%
96 Publicación
0%
86 Real Decreto Ley
0%
157 Recursos CCAA
0%
161 Recursos TC
0%
92 Referéndum
0%
168 Reforma extraordinaria
0%
64 Refrendo
0%
59 Regencia
0%
16 Religión
0%
165 Reserva LO
0%
106 Responsabilidad
0%
42 Retorno
0%
95 Revisión CE
0%
91 Rey 15 días
0%
128 Riqueza
0%
69 Senado
0%
164 Sentencias
0%
74 Sesión Conjunta
0%
80 Sesiones Públicas
0%
108 Solidariamente Congreso
0%
138 Solidaridad
0%
23 Sufragio
0%
159 TC
0%
169 Tiempo de Guerra
0%
90 Tramitación
0%
150 Transferencia
0%
93 Tratados LO
0%
136 Tribunal de Cuentas
0%
123 Tribunal Supremo
0%
60 Tutoría
0%
143 Vía ordinaria
0%
151 Vía rápida
0%
No se encontraron pruebas coincidentes
Distribución de puntuación
Porcentaje de gente con cada puntuación
Porcentaje por número respondido
Historial de tus puntuaciones
No has intentado esta prueba.